|
|
|
|
| LEADER |
00000naa a2200000uu 4500 |
| 001 |
vtls011037206 |
| 003 |
SK-MaSNL |
| 005 |
20260302140822.0 |
| 008 |
210907|1999 xo |||||||||||||||||slo| |
| 015 |
|
|
|a SNBRA
|
| 035 |
|
|
|a (urnnbn)urn:nbn:sk:snk:ar-008v4x
|
| 035 |
|
|
|a (uuid)ce0aa7ed-a9df-4d69-a89d-7fc138ebbe0a
|
| 035 |
|
|
|a urn:nbn:sk:snk-aauqt8
|
| 040 |
|
|
|a SNKBUCL
|b slo
|c SNKBUCL
|e AACR2
|
| 041 |
0 |
|
|a slo
|
| 044 |
|
|
|a xo
|c SK
|
| 100 |
1 |
|
|a Czillingová, Jana,
|d 1951-
|4 aut
|9 15614
|
| 245 |
1 |
0 |
|a RIADENIE PLATOBNEJ SCHOPNOSTI PODNIKU
|c Jana CZILLINGOVÁ
|
| 773 |
0 |
|
|t Nové trendy v systémoch riadenia podnikov
|d Košice : Štroffek, 1999
|g S. 24-28
|z 8088896428
|
| 958 |
|
|
|a OND
|
| 958 |
|
|
|a article12
|
| 958 |
|
|
|a chapter
|
| 999 |
|
|
|c 1332575
|d 1334505
|